[Event "Hebraica op 31st"]
[Site "Hebraica"]
[Date "2023.07.02"]
[Round "5"]
[White "Munhoz, Joao Pedro"]
[Black "Wunderlich, Fabian"]
[Result "1-0"]
[WhiteElo "1545"]
[BlackElo "1789"]
[PlyCount "45"]
[EventDate "2023.06.30"]
[EventType "swiss"]
[EventRounds "6"]
[EventCountry "BRA"]
[SourceTitle "CBM 215 Extra"]
[Source "ChessBase"]
[SourceDate "2023.09.30"]
[SourceVersion "1"]
[SourceVersionDate "2023.09.30"]
[SourceQuality "1"]

1. c4 e5 2. Nc3 Nf6 3. g3 d5 4. cxd5 Nxd5 5. Bg2 Be6 6. Nf3 Nc6 7. 0-0 Be7 8. d4 exd4 9. Nxd4 Nxd4 10. Qxd4 Bf6 11. Qa4+ c6 12. Nxd5 Bxd5 13. Rd1 b5 14. Qc2 Qc8 15. Bxd5 cxd5 16. Qb3 Qc4 17. Rxd5 Qxb3 18. axb3 a6 19. Rxb5 Kd7 20. Rb7+ Ke6 21. Rb6+ Kd5 22. Ra5+ Kd4 23. Rb4# 1-0

[Event "Hebraica op 31st"]
[Site "Hebraica"]
[Date "2023.07.01"]
[Round "4"]
[White "Palatnic, Armando"]
[Black "Wunderlich, Fabian"]
[Result "1-0"]
[WhiteElo "1598"]
[BlackElo "1789"]
[PlyCount "81"]
[EventDate "2023.06.30"]
[EventType "swiss"]
[EventRounds "6"]
[EventCountry "BRA"]
[SourceTitle "CBM 215 Extra"]
[Source "ChessBase"]
[SourceDate "2023.09.30"]
[SourceVersion "1"]
[SourceVersionDate "2023.09.30"]
[SourceQuality "1"]

1. e4 c5 2. Nf3 e6 3. d4 cxd4 4. Nxd4 a6 5. c4 Nf6 6. Nc3 Qc7 7. Be2 d6 8. 0-0 Be7 9. Be3 0-0 10. Qd2 Nbd7 11. f3 b6 12. Rac1 Bb7 13. Kh1 Rfe8 14. g4 Ne5 15. b3 Bf8 16. g5 Nfd7 17. f4 Nc6 18. Bf3 Rac8 19. Nde2 g6 20. h4 Nc5 21. Ng3 Rcd8 22. Rcd1 Bg7 23. Nge2 Ne7 24. Qe1 d5 25. cxd5 exd5 26. exd5 Nf5 27. Bf2 Ne3 28. Bxe3 Rxe3 29. Qd2 Rde8 30. Bg2 Qd7 31. f5 gxf5 32. Nd4 Rg3 33. Rf4 Ree3 34. Nxf5 Bxc3 35. Nh6+ Kh8 36. Qf2 Rxg2 37. Nxf7+ Kg7 38. Qxe3 Bxd5 39. Qxc3+ Kg6 40. Qf6+ Kh5 41. Qh6# 1-0

[Event "Hebraica op 31st"]
[Site "Hebraica"]
[Date "2023.06.30"]
[Round "1"]
[White "De Souza, Ricardo Alves"]
[Black "Wunderlich, Fabian"]
[Result "0-1"]
[WhiteElo "1301"]
[BlackElo "1789"]
[PlyCount "119"]
[EventDate "2023.06.30"]
[EventType "swiss"]
[EventRounds "6"]
[EventCountry "BRA"]
[SourceTitle "CBM 215 Extra"]
[Source "ChessBase"]
[SourceDate "2023.09.30"]
[SourceVersion "1"]
[SourceVersionDate "2023.09.30"]
[SourceQuality "1"]

1. d4 Nf6 2. c4 e6 3. Nc3 Bb4 4. f3 d5 5. a3 Bxc3+ 6. bxc3 0-0 7. cxd5 exd5 8. e3 Nbd7 9. Bd3 c6 10. Nh3 Re8 11. 0-0 Nf8 12. Nf2 Ng6 13. e4 dxe4 14. fxe4 Qc7 15. e5 Nd5 16. c4 Ndf4 17. Bxg6 Nxg6 18. Ne4 Nxe5 19. dxe5 Qxe5 20. Nd6 Qxa1 21. Nxe8 Qe5 22. Qd8 Qc5+ 23. Kh1 Qf8 24. Re1 b6 25. Qe7 Be6 26. Qxf8+ Kxf8 27. Nc7 Rd8 28. Nxe6+ fxe6 29. h3 Rd4 30. Bb2 Rxc4 31. Rxe6 Kf7 32. Re3 Rc2 33. Be5 g6 34. Bd6 Rd2 35. Bb4 Rd1+ 36. Kh2 c5 37. Be1 Rb1 38. Bh4 a6 39. Re7+ Kg8 40. Ra7 a5 41. Bd8 c4 42. Rb7 c3 43. Rc7 Rb3 44. Bf6 Rxa3 45. Bxc3 b5 46. Bd4 b4 47. Bc5 Rc3 48. Rc8+ Kf7 49. Rf8+ Ke6 50. Bd4 Rd3 51. Bb6 a4 52. Rf4 Rb3 53. Bc5 a3 54. Bxb4 a2 55. Re4+ Kd5 56. Re1 Rb1 57. Re2 a1Q 58. Rd2+ Ke4 59. Re2+ Kd4 60. Rd2+ 0-1

[Event "Hebraica op 29th"]
[Site "Hebraica"]
[Date "2022.11.19"]
[Round "2"]
[White "Da Silva Neto, Nelson Mauricio"]
[Black "Wunderlich, Fabian"]
[Result "0-1"]
[WhiteElo "1434"]
[BlackElo "1792"]
[PlyCount "48"]
[EventDate "2022.11.19"]
[EventType "swiss"]
[EventRounds "5"]
[EventCountry "BRA"]
[SourceTitle "CBM 211 Extra"]
[Source "ChessBase"]
[SourceDate "2023.01.31"]
[SourceVersion "1"]
[SourceVersionDate "2023.01.31"]
[SourceQuality "1"]

1. e4 c5 2. Nf3 e6 3. d3 Nc6 4. g3 d5 5. Qe2 Nf6 6. Bg2 Be7 7. 0-0 0-0 8. e5 Nd7 9. c4 d4 10. Re1 Qc7 11. Bf4 Rd8 12. h4 Nf8 13. h5 Qd7 14. Nbd2 f5 15. Nh4 Qe8 16. Bf3 Qf7 17. Ng2 Rb8 18. g4 fxg4 19. Bxg4 b5 20. b3 Nb4 21. Ne4 Bb7 22. a3 Bxe4 23. dxe4 d3 24. Qd2 Nc2 0-1

[Event "Berlin Werner Ott op"]
[Site "Berlin"]
[Date "2018.07.02"]
[Round "3"]
[White "Foerster, Jonas"]
[Black "Wunderlich, Fabian"]
[Result "1-0"]
[WhiteElo "2284"]
[BlackElo "1747"]
[PlyCount "59"]
[EventDate "2018.06.30"]
[EventType "swiss"]
[EventRounds "9"]
[EventCountry "GER"]
[SourceTitle "CBM 185 Extra"]
[Source "ChessBase"]
[SourceDate "2018.07.29"]
[SourceVersion "1"]
[SourceVersionDate "2018.07.29"]
[SourceQuality "1"]

1. d4 Nf6 2. Nf3 e6 3. c4 Bb4+ 4. Nbd2 b6 5. g3 Bb7 6. Bg2 0-0 7. 0-0 d6 8. Nb3 d5 9. c5 bxc5 10. dxc5 Nbd7 11. Qc2 c6 12. a3 Ba5 13. Nxa5 Qxa5 14. b4 Qc7 15. Bb2 e5 16. Nh4 Nh5 17. Nf5 g6 18. Nd6 Ng7 19. e4 Ba6 20. exd5 Bxf1 21. Rxf1 cxd5 22. Bxd5 Rab8 23. Qc4 Nxc5 24. Nxf7 Nce6 25. Nh6+ Kh8 26. Bxe6 Qe7 27. Bxe5 Rbe8 28. Qc3 Rd8 29. Re1 Qxe6 30. Bxg7# 1-0

[Event "Blankenese op 1st"]
[Site "Hamburg"]
[Date "2017.10.03"]
[Round "3.15"]
[White "Wunderlich, Fabian"]
[Black "Mueller, Tobias"]
[Result "0-1"]
[WhiteElo "1808"]
[BlackElo "2128"]
[PlyCount "98"]
[EventDate "2017.09.30"]
[EventType "swiss"]
[EventRounds "7"]
[EventCountry "GER"]
[SourceTitle "EXT 2020"]
[Source "ChessBase"]
[SourceDate "2019.10.17"]
[SourceVersion "1"]
[SourceVersionDate "2019.10.17"]
[SourceQuality "1"]

1. e4 c5 2. Nf3 d6 3. Bb5+ Bd7 4. c4 Nc6 5. 0-0 g6 6. d4 Bg7 7. Be3 cxd4 8. Nxd4 Nf6 9. Nc3 Ng4 10. Nxc6 bxc6 11. Bxc6 Nxe3 12. Bxd7+ Qxd7 13. fxe3 Bxc3 14. bxc3 0-0 15. c5 Qc6 16. cxd6 exd6 17. Qd4 Rae8 18. Rf6 Rxe4 19. Rxd6 Qe8 20. Rd8 Rxd4 21. Rxe8 Rd3 22. Re7 Rb8 23. Kf2 Rb2+ 24. Kf3 Rxc3 25. Rxa7 Rcc2 26. Ke4 Rxg2 27. Rf1 Rgf2 28. Rxf2 Rxf2 29. h3 Rh2 30. a4 Rxh3 31. a5 Kg7 32. a6 Rh4+ 33. Kd5 Ra4 34. Kc5 Ra2 35. Kb6 Rb2+ 36. Kc6 Ra2 37. Kb6 Rb2+ 38. Kc6 h5 39. Rd7 Ra2 40. Kb7 h4 41. a7 h3 42. a8Q Rxa8 43. Kxa8 g5 44. Rd1 g4 45. Rh1 Kf6 46. Kb7 Kg5 47. Kc6 Kh4 48. Rf1 h2 49. Rxf7 h1Q+ 0-1

[Event "Berlin Werner Ott op"]
[Site "Berlin"]
[Date "2017.07.15"]
[Round "1"]
[White "Malek, Daniel"]
[Black "Wunderlich, Fabian"]
[Result "1-0"]
[WhiteElo "2382"]
[BlackElo "1808"]
[PlyCount "35"]
[EventDate "2017.07.15"]
[EventType "swiss"]
[EventRounds "9"]
[EventCountry "GER"]
[SourceTitle "EXT 2019"]
[Source "ChessBase"]
[SourceDate "2018.10.10"]
[SourceVersion "1"]
[SourceVersionDate "2018.10.10"]
[SourceQuality "1"]

1. d4 Nf6 2. c4 e6 3. Nc3 Bb4 4. e3 0-0 5. Nge2 Ne4 6. Qc2 d5 7. a3 Bxc3+ 8. Nxc3 Nxc3 9. bxc3 b6 10. Bd3 h6 11. cxd5 exd5 12. 0-0 c5 13. dxc5 bxc5 14. c4 Bb7 15. Rb1 dxc4 16. Bh7+ Kh8 17. Rxb7 g6 18. Bb2+ 1-0

[Event "Cologne-ch"]
[Site "Cologne"]
[Date "2003.04.12"]
[Round "7"]
[White "Azimi, Reza"]
[Black "Wunderlich, Fabian"]
[Result "0-1"]
[WhiteElo "1481"]
[BlackElo "1391"]
[PlyCount "74"]
[EventDate "2003.04.??"]
[EventType "swiss"]
[EventRounds "7"]
[EventCountry "GER"]
[SourceTitle "EXT 2005"]
[Source "ChessBase"]
[SourceDate "2004.11.15"]
[SourceVersion "1"]
[SourceVersionDate "2004.11.15"]
[SourceQuality "1"]

1. e4 c5 2. Nf3 d6 3. c3 Nf6 4. Qc2 Qc7 5. d4 cxd4 6. Nxd4 e6 7. Bd3 Be7 8. Bg5 h6 9. Bh4 0-0 10. 0-0 a6 11. f4 Nc6 12. Nxc6 bxc6 13. Nd2 Bb7 14. Nf3 c5 15. Rae1 c4 16. Be2 Bxe4 17. Qd2 d5 18. Ne5 Bh7 19. Bxf6 Bxf6 20. Ng4 Bh4 21. g3 Be7 22. Bf3 Rab8 23. Kh1 Rb6 24. f5 Bg5 25. Qd4 Bxf5 26. Rg1 Rxb2 27. h4 Bxg4 28. Qxg4 Be7 29. Rg2 Rfb8 30. Rf1 Rxg2 31. Bxg2 Rb2 32. Qf3 Bf6 33. Rf2 Rxf2 34. Qxf2 Bxc3 35. Qc2 Qxg3 36. Qa4 Qe1+ 37. Kh2 Be5+ 0-1

[Event "Cologne-ch"]
[Site "Cologne"]
[Date "2003.03.22"]
[Round "4"]
[White "Wunderlich, Fabian"]
[Black "Wyszecki, Jan"]
[Result "1/2-1/2"]
[WhiteElo "1391"]
[BlackElo "1576"]
[PlyCount "47"]
[EventDate "2003.04.??"]
[EventType "swiss"]
[EventRounds "7"]
[EventCountry "GER"]
[SourceTitle "EXT 2005"]
[Source "ChessBase"]
[SourceDate "2004.11.15"]
[SourceVersion "1"]
[SourceVersionDate "2004.11.15"]
[SourceQuality "1"]

1. e4 d5 2. exd5 Qxd5 3. Nc3 Qa5 4. d3 Nf6 5. Bd2 c6 6. Nf3 Bg4 7. Be2 Qh5 8. h3 Nbd7 9. 0-0 0-0-0 10. hxg4 Nxg4 11. Bf4 f5 12. Qd2 e5 13. Nxe5 Ndxe5 14. Bxe5 Bd6 15. Bxd6 Rxd6 16. Bxg4 fxg4 17. Qf4 Rh6 18. f3 gxf3 19. Rxf3 Qh1+ 20. Kf2 Qxa1 21. Qg4+ Kd8 22. Qg5+ Kc8 23. Qg4+ Kd8 24. Qg5+ 1/2-1/2